| 000 | 00645nam a2200229 a 4500 | ||
|---|---|---|---|
| 001 | BRCA_50 | ||
| 005 | 20190320202848.0 | ||
| 008 | 951204s1994 sp a b 000 0 spa | ||
| 020 | _a8475856470 | ||
| 040 |
_aDLC _cDLC |
||
| 050 | 4 |
_aAM5 _b.M63 _c1994 |
|
| 245 | 1 | 0 |
_aMiscelánea museológica _cCoordinador Iñaki Díaz Balerdi. |
| 260 |
_aBilbao _bServicio Editorial Universidad del País Vasco _c1994. |
||
| 300 |
_a298 p. _bil. _c24 cm. |
||
| 504 | _aBibliografía: p. 248 | ||
| 650 | 1 | 4 |
_aMuseología _9236 |
| 650 | 1 | 4 |
_aMuseografía _9237 |
| 653 | 0 | _aMuseos | |
| 653 | 0 | _aMiscelánea | |
| 700 | 1 |
_aDíaz Balerdi, Iñaki _9238 |
|
| 942 |
_2lcc _cB |
||
| 999 |
_c50 _d50 |
||